Ejercicios de aritmética y geometría cuarto año.

Guardado en:
Detalles Bibliográficos
Autor principal: Castro Flores, Alberto.
Formato: Libro
Lenguaje:español
Publicado: México, D. F. Edit. Avante. 1962
Edición:2a. ed.
Catálogo:MANES:  Resultados de Búsqueda del Catálogo
Clasificación de libros de texto:
Etiquetas: Agregar Etiqueta
Sin Etiquetas, Sea el primero en etiquetar este registro!
Añadido a:2018-12-05
Cambiado en:2022-04-05

MARC

LEADER 00000nam a2200000 4500
005 20220406014855.0
008 181206b xxu||||| |||| 00| 0 spa d
040 |a centro_manes   |c universidad_colima 
100 |9 22609  |a Castro Flores, Alberto. 
245 |a Ejercicios de aritmética y geometría cuarto año. 
250 |a 2a. ed. 
260 |a México, D. F.   |b Edit. Avante.   |c 1962 
300 |a 111 p.   |c 20 cm. 
500 |a Aparece: Francisco Ziga, "Bibliografía Pedagógica. Libros de texto para enseñanza primaria:1850-1970 V. Libros de Matemáticas" en Boletín del Instituto de Investigaciones Bibliográficas 1981-1982, Biblioteca Nacional, Hemeroteca Nacional, Universidad Nacional Autónoma de México, Nos. 18 - 19,p. 26.  |a Ils. 
690 0 |a MATE 
691 0 |a PRI 
942 |2 ddc  |c BK 
999 |c 53701  |d 53701 
999 |c manes:53701  |d 53701